[Event "SVR-ch MTA 37th"]
[Site "Heimbach Weis"]
[Date "2014.04.13"]
[Round "4"]
[White "Schnur, Edmund"]
[Black "Goetz, Heiko"]
[Result "0-1"]
[WhiteElo "2195"]
[BlackElo "2190"]
[PlyCount "74"]
[EventDate "2014.04.11"]
[EventType "tourn"]
[EventRounds "9"]
[EventCountry "GER"]
[SourceTitle "CBM 160 Extra"]
[Source "ChessBase"]
[SourceDate "2014.07.01"]
[SourceVersion "1"]
[SourceVersionDate "2014.07.01"]
[SourceQuality "1"]

1. e4 e6 2. d4 d5 3. Nc3 Bb4 4. e5 c5 5. a3 cxd4 6. axb4 dxc3 7. Nf3 Nd7 8. Bd3 Qc7 9. Qe2 Ne7 10. b5 Ng6 11. Bxg6 hxg6 12. 0-0 Nb6 13. b3 Bd7 14. Ba3 a6 15. Bd6 Qc8 16. Nd4 f6 17. f4 Kf7 18. g4 Bxb5 19. Nxb5 axb5 20. Rxa8 Qxa8 21. f5 gxf5 22. gxf5 Qc8 23. Qf2 d4 24. Re1 Rh5 25. fxe6+ Qxe6 26. exf6 Rg5+ 27. Bg3 Qxf6 28. Qe2 Kg6 29. Qe8+ Kh7 30. Re6 Qf3 31. Rxb6 Qd1+ 32. Kg2 Qxc2+ 33. Kh3 Qf5+ 34. Kg2 Qd5+ 35. Kg1 c2 36. Qe1 d3 37. Qd2 Qc5+ 0-1

[Event "SVR-ch MAT-I 36th"]
[Site "Idar Oberstein"]
[Date "2013.03.29"]
[Round "6"]
[White "Goetz, Heiko"]
[Black "Reifenroether, Michael"]
[Result "1/2-1/2"]
[WhiteElo "2192"]
[BlackElo "2068"]
[PlyCount "60"]
[EventDate "2013.03.23"]
[EventType "tourn"]
[EventRounds "7"]
[EventCountry "GER"]
[SourceTitle "EXT 2014"]
[Source "ChessBase"]
[SourceDate "2013.11.20"]
[SourceVersion "1"]
[SourceVersionDate "2013.11.20"]
[SourceQuality "1"]

1. Nc3 d5 2. f4 Nf6 3. d3 c5 4. e3 Nc6 5. Nf3 e6 6. Be2 Be7 7. 0-0 a6 8. Ne5 Qc7 9. Nxc6 bxc6 10. e4 a5 11. b3 0-0 12. Bb2 Rd8 13. Qe1 Ba6 14. e5 Nd7 15. Qg3 Bf8 16. Rae1 g6 17. h4 c4 18. dxc4 Bxc4 19. Bxc4 dxc4 20. Ne4 cxb3 21. cxb3 Bg7 22. Ba3 a4 23. Bd6 Qb6+ 24. Kh2 axb3 25. axb3 Ra5 26. Qf3 c5 27. Rc1 Rb5 28. b4 Bf8 29. bxc5 Nxc5 30. Qe3 Nxe4 1/2-1/2

[Event "SVR-ch MAT-I 36th"]
[Site "Idar Oberstein"]
[Date "2013.03.24"]
[Round "3"]
[White "Roos, Thomas"]
[Black "Goetz, Heiko"]
[Result "1-0"]
[WhiteElo "2197"]
[BlackElo "2192"]
[PlyCount "103"]
[EventDate "2013.03.23"]
[EventType "tourn"]
[EventRounds "7"]
[EventCountry "GER"]
[SourceTitle "EXT 2014"]
[Source "ChessBase"]
[SourceDate "2013.11.20"]
[SourceVersion "1"]
[SourceVersionDate "2013.11.20"]
[SourceQuality "1"]

1. d4 e6 2. c4 d5 3. Nf3 c6 4. e3 f5 5. g3 Nf6 6. Bg2 Nbd7 7. 0-0 Ne4 8. b3 Be7 9. Ne5 Nxe5 10. dxe5 0-0 11. Qc2 b5 12. Rd1 bxc4 13. bxc4 Ba6 14. f3 Ng5 15. f4 Nf7 16. Bf1 Qb6 17. Nc3 Rab8 18. Rb1 Qa5 19. Bd2 Qa3 20. Na4 Rxb1 21. Rxb1 Bxc4 22. Bxc4 dxc4 23. Qxc4 Rd8 24. Bc3 c5 25. Kf2 Rd5 26. Ke2 Nd8 27. Bd2 Rxd2+ 28. Kxd2 Kf7 29. Qb3 Qb4+ 30. Qxb4 cxb4 31. Rc1 Nb7 32. Rc7 Na5 33. Rxa7 b3 34. axb3 Nc6 35. Rb7 Ke8 36. Nb6 Bb4+ 37. Kd3 Bc5 38. Nc4 Nb4+ 39. Ke2 Kf8 40. Nd6 Nd5 41. Nc4 h6 42. Kf3 g5 43. Rh7 g4+ 44. Ke2 Kg8 45. Rxh6 Nc7 46. h3 gxh3 47. Rxh3 Nb5 48. Kd3 Bb4 49. g4 fxg4 50. Rg3 Nc3 51. Rxg4+ Kf7 52. Nd6+ 1-0

[Event "SVR-ch MAT-I 36th"]
[Site "Idar Oberstein"]
[Date "2013.03.23"]
[Round "2"]
[White "Goetz, Heiko"]
[Black "Barzen, Pascal"]
[Result "1-0"]
[WhiteElo "2192"]
[BlackElo "2134"]
[PlyCount "143"]
[EventDate "2013.03.23"]
[EventType "tourn"]
[EventRounds "7"]
[EventCountry "GER"]
[SourceTitle "EXT 2014"]
[Source "ChessBase"]
[SourceDate "2013.11.20"]
[SourceVersion "1"]
[SourceVersionDate "2013.11.20"]
[SourceQuality "1"]

1. Nc3 e5 2. Nf3 Nc6 3. e4 Nf6 4. d4 exd4 5. Nxd4 d6 6. Nxc6 bxc6 7. Bd3 Be7 8. 0-0 0-0 9. f4 Rb8 10. h3 Nd7 11. Na4 Bf6 12. c3 Re8 13. g4 g6 14. Be3 c5 15. Qc2 Bb7 16. e5 dxe5 17. Rad1 Qe7 18. f5 Bg5 19. Bxg5 Qxg5 20. Qf2 Re7 21. Bb5 Nf6 22. Qxc5 Nxg4 23. hxg4 Qxg4+ 24. Kf2 Qxf5+ 25. Ke1 Qe4+ 26. Kd2 Rd8+ 27. Kc1 Rxd1+ 28. Rxd1 Qh4 29. b3 a6 30. Bc4 Kg7 31. Kb2 Qg5 32. Rf1 h5 33. Qf2 Be4 34. Bxf7 Bd3 35. Rg1 Qf4 36. Qxf4 exf4 37. Bd5 Be2 38. Nc5 f3 39. Rc1 f2 40. Bg2 a5 41. Kc2 Bg4 42. Ne4 Bh3 43. Bxh3 Rxe4 44. Kd3 Re1 45. Kd2 Rg1 46. Rf1 g5 47. Rxf2 g4 48. Rg2 Ra1 49. Kd3 Kh6 50. Bxg4 hxg4 51. Rxg4 Rxa2 52. Ra4 Rf2 53. Rxa5 Kg7 54. Ra7 Rf7 55. Kc4 Kf8 56. Kc5 Ke8 57. Kc6 Rf3 58. c4 Rxb3 59. Ra8+ Ke7 60. c5 Rc3 61. Rc8 Rc1 62. Rxc7+ Kd8 63. Rh7 Rc2 64. Rh8+ Ke7 65. Rb8 Rc1 66. Rc8 Rc2 67. Kb7 Rb2+ 68. Kc7 Ra2 69. Rb8 Ke6 70. c6 Ke7 71. Rb7 Rc2 72. Kb8+ 1-0

[Event "Nuremberg LGA Cup 8th"]
[Site "Nuremberg"]
[Date "2011.09.11"]
[Round "7"]
[White "Goetz, Heiko"]
[Black "Klein, David"]
[Result "1/2-1/2"]
[WhiteElo "2112"]
[BlackElo "2339"]
[PlyCount "66"]
[EventDate "2011.09.08"]
[EventType "swiss"]
[EventRounds "7"]
[EventCountry "GER"]
[SourceTitle "CBM 144 Extra"]
[Source "ChessBase"]
[SourceDate "2011.10.28"]
[SourceVersion "1"]
[SourceVersionDate "2011.10.28"]
[SourceQuality "1"]

1. Nc3 d5 2. f4 Nf6 3. d3 d4 4. Ne4 c5 5. g3 Nxe4 6. dxe4 Nc6 7. e3 g6 8. Nf3 Bg7 9. exd4 cxd4 10. e5 0-0 11. Bg2 Qb6 12. 0-0 d3+ 13. Kh1 dxc2 14. Qxc2 Bf5 15. Qf2 Qxf2 16. Rxf2 Be4 17. Ng5 Bxg2+ 18. Kxg2 Rfd8 19. Bd2 Rd5 20. Bc3 Rad8 21. Re1 e6 22. Ne4 R8d7 23. Ree2 Rc7 24. Rd2 Ne7 25. Bb4 Rxd2 26. Rxd2 Nd5 27. Ba3 h6 28. Kf3 Rc1 29. h4 Re1 30. Re2 Rf1+ 31. Rf2 Re1 32. Re2 Rc1 33. Rd2 Re1 1/2-1/2

[Event "Nuremberg LGA Cup 8th"]
[Site "Nuremberg"]
[Date "2011.09.10"]
[Round "5"]
[White "Goetz, Heiko"]
[Black "Werner, Thomas1111"]
[Result "1/2-1/2"]
[WhiteElo "2112"]
[BlackElo "1930"]
[PlyCount "52"]
[EventDate "2011.09.08"]
[EventType "swiss"]
[EventRounds "7"]
[EventCountry "GER"]
[SourceTitle "CBM 144 Extra"]
[Source "ChessBase"]
[SourceDate "2011.10.28"]
[SourceVersion "1"]
[SourceVersionDate "2011.10.28"]
[SourceQuality "1"]

1. Nc3 c6 2. f4 d5 3. d3 Nf6 4. Nf3 Bg4 5. e3 e6 6. h3 Bxf3 7. Qxf3 Bd6 8. e4 dxe4 9. dxe4 Bc7 10. Bd2 Nbd7 11. g4 g6 12. 0-0-0 Qe7 13. Bg2 e5 14. Rhf1 0-0-0 15. f5 Rdf8 16. Bh6 Rfg8 17. fxg6 fxg6 18. h4 Ne8 19. g5 Nd6 20. Bh3 Kb8 21. Qg4 Rd8 22. Rf3 Rhe8 23. Rdf1 Nc5 24. Rf6 Ba5 25. Qg1 Bxc3 26. Qxc5 Bd2+ 1/2-1/2

[Event "SVR-op 30th"]
[Site "Nickenich"]
[Date "2007.04.07"]
[Round "7"]
[White "Daumen, Michael"]
[Black "Goetz, Heiko"]
[Result "1-0"]
[WhiteElo "2130"]
[BlackElo "2173"]
[PlyCount "129"]
[EventDate "2007.03.31"]
[EventType "swiss"]
[EventRounds "7"]
[EventCountry "GER"]
[SourceTitle "EXT 2009"]
[Source "ChessBase"]
[SourceDate "2008.11.26"]
[SourceVersion "1"]
[SourceVersionDate "2008.11.26"]
[SourceQuality "1"]

1. Nf3 d5 2. d4 e6 3. c4 c6 4. Qc2 f5 5. g3 Nf6 6. Bg2 Bd6 7. 0-0 0-0 8. b3 a6 9. a4 Ne4 10. Ba3 Bxa3 11. Rxa3 Nd7 12. cxd5 exd5 13. Ne5 Qe7 14. f4 g5 15. Ra2 Nxe5 16. dxe5 gxf4 17. gxf4 Kh8 18. Nd2 Nxd2 19. Qxd2 Be6 20. Rf3 Rg8 21. b4 Rg4 22. Raa3 a5 23. Rab3 Rag8 24. Rg3 axb4 25. Qxb4 Qxb4 26. Rxb4 Rxg3 27. hxg3 Bc8 28. Kf2 Kg7 29. Rb1 Kf7 30. Rh1 Kg6 31. Ke3 Be6 32. Rb1 Ra8 33. Rb4 Ra6 34. Bf3 b6 35. Kd2 Kf7 36. e3 c5 37. Be2 c4 38. Kc3 Bd7 39. Bd1 Bc6 40. Kd4 Ke7 41. Bc2 Ke6 42. Rb1 Be8 43. Rh1 h5 44. Rb1 Bd7 45. Rb4 Bc6 46. Bd1 Be8 47. Rb1 Bd7 48. Bf3 Bc6 49. Rb4 c3 50. Bd1 Kd7 51. Kxc3 Kc7 52. Kd4 Ra8 53. Bxh5 Rg8 54. Bf7 Rxg3 55. Be6 Rg1 56. Bxf5 Ra1 57. Bc2 Ra2 58. Kc3 Ra3+ 59. Bb3 Ra1 60. f5 Rc1+ 61. Kd2 Rb1 62. Kc2 Re1 63. Kd3 Rb1 64. f6 Kd7 65. Rxb6 1-0

[Event "Rheinland-ch MTA"]
[Site "Koblenz"]
[Date "2003.04.17"]
[Round "6"]
[White "Raach, Stephen"]
[Black "Goetz, Heiko"]
[Result "1-0"]
[WhiteElo "2134"]
[BlackElo "2183"]
[PlyCount "33"]
[EventDate "2003.04.11"]
[EventType "tourn"]
[EventRounds "9"]
[EventCountry "GER"]
[SourceTitle "EXT 2004"]
[Source "ChessBase"]
[SourceDate "2003.11.25"]
[SourceVersion "1"]
[SourceVersionDate "2003.11.25"]
[SourceQuality "1"]

1. e4 e6 2. d4 d5 3. Nc3 Bb4 4. e5 c5 5. a3 cxd4 6. axb4 dxc3 7. Qg4 cxb2 8. Bxb2 g6 9. h4 Ne7 10. h5 Rg8 11. Nf3 Qc7 12. Bd3 Nbc6 13. hxg6 hxg6 14. b5 Nd8 15. Ng5 f5 16. exf6 e5 17. Qb4 1-0

[Event "Rheinland-ch MTA"]
[Site "Koblenz"]
[Date "2003.04.13"]
[Round "4"]
[White "Fink, Christian"]
[Black "Goetz, Heiko"]
[Result "0-1"]
[WhiteElo "2099"]
[BlackElo "2183"]
[PlyCount "174"]
[EventDate "2003.04.11"]
[EventType "tourn"]
[EventRounds "9"]
[EventCountry "GER"]
[SourceTitle "EXT 2004"]
[Source "ChessBase"]
[SourceDate "2003.11.25"]
[SourceVersion "1"]
[SourceVersionDate "2003.11.25"]
[SourceQuality "1"]

1. e4 e6 2. d4 d5 3. e5 c5 4. c3 Nc6 5. Nf3 Bd7 6. Bd3 Qc7 7. 0-0 cxd4 8. Nxd4 Nxe5 9. Bc2 Nc6 10. Be3 a6 11. Re1 Nge7 12. Qf3 Nxd4 13. Bxd4 f6 14. Qh5+ Kd8 15. Na3 e5 16. Be3 g6 17. Qf3 Bg7 18. Rad1 Ke8 19. Bb3 Bc6 20. Qe2 Rd8 21. f4 e4 22. Qf2 Rd7 23. Bb6 Qb8 24. c4 f5 25. Bc5 Qd8 26. Bxe7 Kxe7 27. Qc5+ Rd6 28. cxd5 Bb5 29. Nxb5 axb5 30. Qxb5 Qb6+ 31. Qxb6 Rxb6 32. Re2 Rc8 33. g3 Kd6 34. Kg2 Rb5 35. Kf2 Rbc5 36. Rdd2 Rc1 37. Ke3 Bf6 38. Ba4 Rf1 39. Rf2 Rxf2 40. Kxf2 Rc5 41. Bb3 Rc1 42. Ke2 Rh1 43. Ke3 Bd8 44. Re2 Bb6+ 45. Kd2 Bg1 46. Ke1 Bd4+ 47. Kd2 Bxb2 48. Rg2 Bd4 49. Ke2 Bg1 50. h4 e3 51. Kf3 Bf2 52. Bc4 Kc5 53. Bb3 Rh3 54. Ke2 Bxg3 55. Kxe3 Bxh4+ 56. Ke2 Be7 57. Rg1 Kd4 58. Rc1 Re3+ 59. Kf2 Bh4+ 60. Kg2 Rg3+ 61. Kh2 Rd3 62. Rc7 Bg3+ 63. Kg2 Bxf4 64. Rxh7 b6 65. Rg7 Rg3+ 66. Kf2 Rg4 67. Rb7 Kc5 68. Rf7 Be5 69. Rf8 Bd4+ 70. Kf3 Kd6 71. Rd8+ Ke7 72. Rc8 Bc5 73. Rc7+ Kf6 74. Rc6+ Kg5 75. Rc8 Rh4 76. Rd8 Rh3+ 77. Kg2 Rd3 78. Re8 Kf4 79. Re6 g5 80. Re2 Rg3+ 81. Kh1 Rd3 82. Bc4 Rd4 83. Bb3 g4 84. Kh2 Kg5 85. Rc2 f4 86. Kg2 Kh4 87. d6 f3+ 0-1

[Event "Heimbach Weis op"]
[Site "Heimbach Weis"]
[Date "2002.03.27"]
[Round "6"]
[White "Daumen, Michael"]
[Black "Goetz, Heiko"]
[Result "0-1"]
[WhiteElo "2074"]
[BlackElo "2126"]
[PlyCount "120"]
[EventDate "2002.03.22"]
[EventType "swiss"]
[EventRounds "9"]
[EventCountry "GER"]
[SourceTitle "EXT 2007"]
[Source "ChessBase"]
[SourceDate "2006.11.23"]
[SourceVersion "1"]
[SourceVersionDate "2006.11.23"]
[SourceQuality "1"]

1. e4 e6 2. d4 d5 3. Nd2 c5 4. exd5 exd5 5. Bb5+ Nc6 6. Ngf3 Qe7+ 7. Be2 Bf5 8. 0-0 Qd7 9. Bb5 f6 10. Re1+ Kf7 11. c4 a6 12. cxd5 axb5 13. dxc6 bxc6 14. dxc5 Bxc5 15. Qb3+ Be6 16. Qc3 Bb6 17. Ne4 Bd5 18. Bf4 Bxe4 19. Rxe4 Ne7 20. Qb3+ Qd5 21. Qc2 Rhd8 22. a3 Qd3 23. Qxd3 Rxd3 24. Rc1 Rad8 25. Kf1 g5 26. Be3 Bxe3 27. Rxe3 R3d5 28. h3 h5 29. Rec3 g4 30. hxg4 hxg4 31. Nh4 f5 32. g3 Rh8 33. Rc5 Ke6 34. Re1+ Kf6 35. Rec1 Rxc5 36. Rxc5 f4 37. Ke2 Re8 38. Kd3 f3 39. Rh5 Rd8+ 40. Kc2 Rd5 41. Rh6+ Kg7 42. Re6 Kf7 43. Re4 Rg5 44. b3 Ke8 45. a4 bxa4 46. bxa4 Kd7 47. Kb3 Nd5 48. a5 Nc7 49. Rd4+ Kc8 50. Ka4 Na6 51. Kb3 Nc5+ 52. Kc3 Nb7 53. Rf4 Nd6 54. Kd3 Kb7 55. Rf6 Rd5+ 56. Ke3 c5 57. Rg6 Rd4 58. a6+ Ka7 59. Nxf3 Nc4+ 60. Ke2 gxf3+ 0-1

[Event "SVR-ch MTA"]
[Site "Reil"]
[Date "2000.??.??"]
[Round "1"]
[White "Muellen, Armin"]
[Black "Goetz, Heiko"]
[Result "1/2-1/2"]
[WhiteElo "2138"]
[BlackElo "2128"]
[PlyCount "109"]
[EventDate "2000.??.??"]
[EventType "tourn"]
[EventRounds "9"]
[EventCountry "GER"]
[SourceTitle "EXT 2002"]
[Source "ChessBase"]
[SourceDate "2001.11.25"]
[SourceVersion "1"]
[SourceVersionDate "2001.11.25"]
[SourceQuality "1"]

1. e4 e6 2. d4 d5 3. Nd2 c5 4. exd5 exd5 5. Ngf3 Nc6 6. dxc5 Bxc5 7. Nb3 Bb6 8. Bg5 Qd6 9. Qd2 Nf6 10. Bd3 0-0 11. 0-0 Bg4 12. Bf4 Qd7 13. Ne5 Nxe5 14. Bxe5 Ne4 15. Qb4 Qf5 16. Bg3 Qg6 17. Na5 Bf5 18. Bxe4 Bxe4 19. c4 h5 20. Rfe1 h4 21. Rxe4 Qxe4 22. Bd6 Bxa5 23. Qxa5 Rfd8 24. c5 b6 25. Qd2 Rac8 26. b4 bxc5 27. bxc5 Re8 28. h3 Re6 29. Kh2 Rxd6 30. Re1 Qg6 31. cxd6 Qxd6+ 32. Kg1 d4 33. Qd3 g6 34. Rd1 Rd8 35. Rd2 Kg7 36. Rd1 f5 37. Rd2 Qd5 38. f3 Rd6 39. a3 a5 40. Rb2 Qe5 41. Re2 Qf4 42. Rd2 Kh6 43. Rd1 Kg5 44. Qe2 Rd7 45. Kf1 Rc7 46. Re1 Qe3 47. Qb5 Rc1 48. Qxa5 Rxe1+ 49. Qxe1 Qxa3 50. f4+ Kxf4 51. Qxh4+ Ke5 52. Qh8+ Ke4 53. Qe8+ Kf4 54. Qb8+ Kg5 55. Qd8+ 1/2-1/2

[Event "SVR-chA"]
[Site "Nickenich"]
[Date "1998.??.??"]
[Round "?"]
[White "Muellen, Armin"]
[Black "Goetz, Heiko"]
[Result "1/2-1/2"]
[WhiteElo "2130"]
[BlackElo "2140"]
[PlyCount "47"]
[EventDate "1998.04.??"]
[EventType "tourn"]
[EventRounds "9"]
[EventCountry "GER"]
[SourceTitle "EXT 2000"]
[Source "ChessBase"]
[SourceDate "1999.11.16"]
[SourceVersion "1"]
[SourceVersionDate "1999.11.16"]
[SourceQuality "1"]

1. Nf3 d5 2. d4 Nf6 3. g3 Bf5 4. Bg2 Nc6 5. Ne5 Qd6 6. Nc3 Nb4 7. Nd3 Nxd3+ 8. cxd3 Qb4 9. e3 e6 10. 0-0 h5 11. h3 Qb6 12. a3 Qa6 13. e4 Bg6 14. Be3 Rd8 15. b4 c6 16. Re1 Be7 17. f4 Qb6 18. Bf2 Kf8 19. Qf3 a5 20. Na4 Qb5 21. Nc3 Qb6 22. Na4 Qb5 23. Nc3 Qb6 24. Na4 1/2-1/2

[Event "Rheinland-B"]
[Site "Heimbach Weis"]
[Date "1997.??.??"]
[Round "7"]
[White "Schwab, Thomas"]
[Black "Goetz, Heiko"]
[Result "1-0"]
[WhiteElo "2105"]
[BlackElo "2140"]
[PlyCount "67"]
[EventDate "1997.04.??"]
[EventType "tourn"]
[EventRounds "9"]
[EventCountry "GER"]
[SourceTitle "EXT 2000"]
[Source "ChessBase"]
[SourceDate "1999.11.16"]
[SourceVersion "1"]
[SourceVersionDate "1999.11.16"]
[SourceQuality "1"]

1. e4 e6 2. d4 d5 3. e5 c5 4. c3 Nc6 5. Nf3 Qb6 6. a3 c4 7. Nbd2 Na5 8. Be2 Bd7 9. Rb1 Rc8 10. h4 f6 11. h5 Nh6 12. Nf1 Nf7 13. Bf4 Nb3 14. Ne3 Ba4 15. Kf1 Qc6 16. Qe1 a5 17. Ng4 Be7 18. h6 g5 19. exf6 gxf4 20. Nge5 Qd6 21. fxe7 Qxe7 22. Nxf7 Qxf7 23. Ne5 Qf6 24. Bf3 Kd8 25. Qe2 Kc7 26. Re1 Rce8 27. Kg1 Bc6 28. Rh5 Re7 29. Ng4 Qg6 30. Qe5+ Kb6 31. Rg5 Qe8 32. Rg7 Nd2 33. Rxe7 Nxf3+ 34. gxf3 1-0

[Event "Rheinland-B"]
[Site "Heimbach Weis"]
[Date "1997.??.??"]
[Round "5"]
[White "Strassner, Andreas"]
[Black "Goetz, Heiko"]
[Result "1/2-1/2"]
[WhiteElo "2200"]
[BlackElo "2140"]
[PlyCount "89"]
[EventDate "1997.04.??"]
[EventType "tourn"]
[EventRounds "9"]
[EventCountry "GER"]
[SourceTitle "EXT 2000"]
[Source "ChessBase"]
[SourceDate "1999.11.16"]
[SourceVersion "1"]
[SourceVersionDate "1999.11.16"]
[SourceQuality "1"]

1. d4 c5 2. Nf3 cxd4 3. Nxd4 Nc6 4. g3 Qb6 5. Nb3 e6 6. Bg2 d5 7. 0-0 Nf6 8. Nc3 Bb4 9. Bd2 0-0 10. Be3 Qd8 11. Bc5 Bxc5 12. Nxc5 Qe7 13. Nd3 Rd8 14. Re1 b6 15. Qd2 Bb7 16. Qg5 Ne4 17. Qxe7 Nxe7 18. Nxe4 dxe4 19. Red1 exd3 20. Bxb7 dxe2 21. Re1 Rab8 22. Ba6 b5 23. a4 bxa4 24. Rxe2 Rxb2 25. Rxa4 Nc6 26. c3 Rxe2 27. Bxe2 g6 28. Bb5 Rc8 29. Ba6 Rb8 30. Be2 Rb2 31. Bd3 Ne5 32. Bf1 Rb7 33. Ra5 Nd7 34. Bb5 Rc7 35. Kf1 Kf8 36. Ke2 Ke7 37. Bxd7 Rxd7 38. Ra6 h5 39. h4 Kf6 40. Ke3 Ke5 41. c4 Kf5 42. f3 Kf6 43. Ke4 Ke7 44. c5 f6 45. f4 1/2-1/2